[Event "C.N. copii si juniori F-16"]
[Site "Amara-Romania"]
[Date "2007.04.13"]
[Round "2.2"]
[White "Dobre, Ana Margareta"]
[Black "Anusca, Madalina-Maria"]
[Result "1-0"]
[WhiteElo "1819"]
[BlackElo "1979"]
[PlyCount "95"]
[EventDate "2007.04.12"]

1. e4 e5 2. f4 d5 3. exd5 exf4 4. Nf3 Qxd5 5. Nc3 Qd8 6. Bc4 Bg4 7. Bxf7+ Kxf7
8. Ne5+ Ke6 9. Nxg4 Qh4+ 10. Kf1 Bd6 11. d4 Nd7 12. Qf3 Rf8 13. Bd2 Nb6 14.
Re1+ Kd7 15. Ne5+ Kc8 16. Nb5 Bxe5 17. dxe5 a6 18. Nxc7 Kxc7 19. Ba5 Ne7 20.
Qb3 Ned5 21. Qxd5 f3 22. gxf3 Qh3+ 23. Kf2 Qh4+ 24. Ke2 Qh6 25. Qd6+ Qxd6 26.
exd6+ Kc6 27. Bxb6 Kxb6 28. Rd1 Re8+ 29. Kf2 Rd8 30. Rhe1 Rhe8 31. Rxe8 Rxe8
32. d7 Rd8 33. Ke3 Kc7 34. Ke4 Rf8 35. d8=Q+ Rxd8 36. Rxd8 Kxd8 37. Kd5 Kd7 38.
c4 h6 39. h4 g6 40. f4 h5 41. b4 Ke7 42. Ke5 b6 43. a3 a5 44. bxa5 bxa5 45. c5
a4 46. c6 Kd8 47. Kd6 Kc8 48. c7 1-0

[Event "C.N. copii si juniori F-16"]
[Site "Amara-Romania"]
[Date "2007.04.13"]
[Round "3.2"]
[White "Todoran, Maria-Elena"]
[Black "Dobre, Ana Margareta"]
[Result "1-0"]
[WhiteElo "1851"]
[BlackElo "1819"]
[PlyCount "83"]
[EventDate "2007.04.12"]

1. e4 c5 2. Nf3 d6 3. d4 cxd4 4. Nxd4 Nf6 5. Nc3 a6 6. Be2 e6 7. Be3 Be7 8. O-O
O-O 9. Qd2 b5 10. f3 Bb7 11. Bd3 Nbd7 12. Rae1 d5 13. exd5 Nxd5 14. Nxd5 Bxd5
15. Bf2 Nb6 16. b3 Qc7 17. Be4 Rfd8 18. Qa5 Bxe4 19. Rxe4 Nd5 20. Qxc7 Nxc7 21.
Nc6 Re8 22. Nxe7+ Rxe7 23. Rd1 Nd5 24. Rxd5 exd5 25. Rxe7 Kf8 26. Bc5 Kg8 27.
Rd7 f6 28. Rxd5 Rc8 29. b4 Re8 30. Kf2 Re6 31. Rd4 Rc6 32. Rd6 Rxd6 33. Bxd6
Kf7 34. Ke3 Ke6 35. Bc5 Kd5 36. Kd3 g6 37. Kc3 f5 38. Be3 Ke5 39. g3 Kd5 40.
Kd3 h5 41. a3 Ke5 42. c4 1-0

[Event "CN de Juniori Predeal 2006 - F16 - R8/2"]
[Site "?"]
[Date "2006.04.18"]
[Round "8.2"]
[White "Dobre, Ana Margareta"]
[Black "Chirita, Andra Marina"]
[Result "0-1"]
[WhiteElo "1831"]
[BlackElo "1988"]
[PlyCount "56"]
[EventDate "2006.06.12"]

1. f4 d5 2. b3 e6 3. Bb2 Nf6 4. Nf3 c5 5. e3 Nc6 6. Be2 Bd6 7. O-O O-O 8. Ne5
Bd7 9. d4 Ne8 10. Nd2 f6 11. Nxd7 Qxd7 12. g3 e5 13. Nf3 cxd4 14. exd4 e4 15.
Nd2 Qe7 16. c4 Kh8 17. c5 Bc7 18. a3 f5 19. b4 a6 20. Re1 g5 21. Rf1 gxf4 22.
gxf4 Rg8+ 23. Kh1 Qh4 24. Qe1 Qh3 25. Qf2 Bxf4 26. Bf3 Bxd2 27. Qxd2 exf3 28.
Qf2 Rg2 0-1

[Event "CN de Juniori Predeal - F16 - R5/4"]
[Site "?"]
[Date "2006.04.16"]
[Round "?"]
[White "Dobre, Ana Margareta"]
[Black "Dodan, Mihaela"]
[Result "1/2-1/2"]
[WhiteElo "1831"]
[BlackElo "1907"]
[PlyCount "49"]
[EventDate "2006.??.??"]

1. e4 e6 2. d4 d5 3. exd5 exd5 4. Bf4 Bd6 5. Bxd6 Qxd6 6. c3 Bf5 7. Bd3 Bxd3 8.
Qxd3 c6 9. Nf3 Qe6+ 10. Qe2 Qxe2+ 11. Kxe2 Ne7 12. Re1 O-O 13. Kf1 Ng6 14. Nbd2
Nd7 15. Re3 Rfe8 16. Rae1 Kf8 17. Rxe8+ Rxe8 18. Rxe8+ Kxe8 19. g3 h6 20. Ke2
Nf6 21. h3 Ke7 22. Kd3 Kd6 23. a4 b6 24. b3 a5 25. c4 1/2-1/2

[Event "CN de Juniori Predeal - F16 - R3/2"]
[Site "?"]
[Date "2006.04.15"]
[Round "?"]
[White "Dobre, Ana Margareta"]
[Black "Uta, Adeline-Ramona"]
[Result "0-1"]
[WhiteElo "1831"]
[BlackElo "2060"]
[PlyCount "80"]
[EventDate "2006.??.??"]

1. e4 c5 2. Nc3 Nc6 3. g3 g6 4. Bg2 Bg7 5. f4 d6 6. Nf3 e6 7. O-O Nge7 8. d3
O-O 9. Be3 Nd4 10. Rb1 d5 11. Ne2 Nxe2+ 12. Qxe2 d4 13. Bd2 Bd7 14. c4 a5 15.
a3 a4 16. Rbe1 b5 17. h3 bxc4 18. dxc4 Rb8 19. Bc1 f5 20. e5 Bc6 21. Rd1 h6 22.
Ne1 Bxg2 23. Qxg2 Qb6 24. Qc2 Qa7 25. Nd3 Nc6 26. Bd2 Rf7 27. Rb1 Rfb7 28. Rfc1
Bf8 29. Qd1 Rb3 30. Qe2 Qb7 31. g4 Nd8 32. gxf5 gxf5 33. Re1 Qe4 34. Qxe4 fxe4
35. Nc1 Rxb2 36. Rxb2 Rxb2 37. Ba5 Nc6 38. Bc7 Rc2 39. Rxe4 Rxc1+ 40. Kf2 Rxc4
0-1

[Event "CN de Juniori Predeal - F16 - R2/4"]
[Site "?"]
[Date "2006.04.14"]
[Round "?"]
[White "Dobre, Ana Margareta"]
[Black "Vasile , Teodora"]
[Result "1/2-1/2"]
[WhiteElo "1831"]
[BlackElo "1835"]
[PlyCount "130"]
[EventDate "2006.??.??"]

1. e4 e5 2. Bc4 Be7 3. Nc3 Nf6 4. d3 d6 5. f4 Nc6 6. Nf3 Bg4 7. h3 Bxf3 8. Qxf3
Nd4 9. Qd1 Qd7 10. O-O b5 11. Bb3 Nxb3 12. axb3 c6 13. Qf3 O-O 14. fxe5 dxe5
15. Qg3 Qe6 16. Rf5 Nd7 17. Bg5 Bxg5 18. Rxg5 g6 19. h4 h6 20. Rf5 Kh7 21. Rf3
f5 22. Qf2 a6 23. Rf1 f4 24. d4 g5 25. hxg5 hxg5 26. Rh3+ Kg6 27. d5 Qd6 28.
dxc6 Qxc6 29. Nd5 Qc5 30. Rc3 Qxf2+ 31. Kxf2 Nf6 32. Rc6 Kg7 33. Nxf6 Rxf6 34.
Rc7+ Rf7 35. Rc6 Raa7 36. Rd1 Rfc7 37. Rdd6 Rxc6 38. Rxc6 g4 39. Re6 Rc7 40. c3
Rd7 41. Ke2 f3+ 42. gxf3 gxf3+ 43. Kxf3 Rd2 44. Rxe5 Rxb2 45. b4 Rc2 46. Rc5
Kf6 47. Ke3 Ke6 48. Kd3 Ra2 49. Rd5 Ra1 50. Kd4 Rc1 51. Rh5 Rd1+ 52. Kc5 Rc1
53. Kd4 Rd1+ 54. Ke3 Ra1 55. Kd2 Kd6 56. Rc5 Ke6 57. c4 bxc4 58. Rxc4 Ke5 59.
Kc2 Re1 60. Kb3 Rb1+ 61. Ka3 Re1 62. Kb2 Rxe4 63. Rxe4+ Kxe4 64. Kb3 Kd5 65.
Kc3 Kc6 1/2-1/2